[Event "Challenge"]
[Site "http://www.queenalice.com/game.php?id=979776"]
[Date "2011.9.1"]
[Round "-"]
[White "edovchess"]
[Black "bigtower"]
[Result "0-1"]
[WhiteElo "1927"]
[BlackElo "1632"]

1. e4 c5 2. c3 Nc6 3. d4 cxd4 4. cxd4 e6 5. Nf3 Nf6 6. Nc3 Bb4 7. Bd2 Bxc3 8.
Bxc3 Nxe4 9. Bd3 Nxc3 10. bxc3 Qa5 11. Qc2 g6 12. O-O O-O 13. Rab1 a6 14. h4 b5
15. g3 d5 16. h5 Ne7 17. hxg6 fxg6 18. Ng5 Qc7 19. Kg2 Nf5 20. Rh1 Qe7 21. f4
Ne3+ 0-1

[Event "Challenge"]
[Site "http://www.queenalice.com/game.php?id=979778"]
[Date "2011.9.1"]
[Round "-"]
[White "edovchess"]
[Black "Piotr70"]
[Result "1-0"]
[WhiteElo "1991"]
[BlackElo "1541"]

1. e4 e5 2. Nf3 Nc6 3. d4 Nxd4 4. Nxd4 exd4 5. Qxd4 Ne7 6. Bc4 Nc6 7. Qe3 g6 8.
O-O Bg7 9. Nc3 O-O 10. Bd2 d6 11. Rad1 Bg4 12. Be2 Bxe2 13. Qxe2 Re8 14. Rfe1
Nd4 15. Qd3 c5 16. Be3 a6 17. Ne2 b5 18. c3 b4 19. cxd4 a5 20. dxc5 dxc5 21.
Qxd8 Raxd8 22. Rxd8 Rxd8 23. Bxc5 Bxb2 24. Bb6 Ra8 25. Rb1 Be5 26. Rd1 a4 27. f4
Bb2 28. Bd4 Rd8 29. Rd2 Bxd4+ 30. Rxd4 Rb8 31. Rd2 b3 32. axb3 a3 33. Ra2 Rxb3
34. Nd4 Rd3 35. Nb5 Re3 36. Rxa3 Rxe4 37. f5 Re5 38. Nd6 g5 39. Ra8+ Kg7 40. Ra7
Re1+ 41. Kf2 Re5 42. Rxf7+ Kg8 43. Rd7 Rd5 44. Rd8+ Kg7 45. Ne8+ Kf7 46. Rxd5
Kxe8 47. f6 Kf7 48. Rxg5 Kxf6 49. Ra5 h6 50. Kf3 Kg6 51. g4 h5 52. gxh5+ Kh6 53.
Kg4 Kh7 54. Kg5 Kg7 55. Ra7+ Kh8 56. Kg6 Kg8 57. Ra8# 1-0

[Event "Challenge"]
[Site "http://www.queenalice.com/game.php?id=979780"]
[Date "2011.9.1"]
[Round "-"]
[White "edovchess"]
[Black "Tonto"]
[Result "1-0"]
[WhiteElo "1943"]
[BlackElo "1891"]

1. e4 e5 2. Nf3 d6 3. d4 Be7 4. dxe5 dxe5 5. Qxd8+ Bxd8 6. Nxe5 Nf6 7. Nc3 Be6
8. Bf4 a6 9. Bd3 h6 10. O-O-O Bg4 11. f3 Be6 12. Kb1 Be7 13. Nc4 Nc6 14. Bxc7
Rc8 15. Nd6+ Bxd6 16. Bxd6 Rd8 17. Bc5 b5 18. Rhe1 Nd7 19. Bd6 Nb6 20. Bc7 Rd7
21. Bxb6 O-O 22. f4 Re8 23. f5 Bc4 24. b3 Bxd3 25. Rxd3 Rxd3 26. cxd3 Ne5 27.
Rd1 Ng4 28. h3 Nf6 29. Bd4 Nh5 30. Nd5 Ng3 31. Bf2 Nh5 32. g4 Nf6 33. Nxf6+ gxf6
34. Rc1 h5 35. Rc6 hxg4 36. hxg4 Kg7 37. Rxa6 Rc8 38. Rb6 Rc3 39. g5 fxg5 40.
Bd4+ 1-0

[Event "Challenge"]
[Site "http://www.queenalice.com/game.php?id=979781"]
[Date "2011.9.1"]
[Round "-"]
[White "edovchess"]
[Black "Saintsalles"]
[Result "1-0"]
[WhiteElo "1886"]
[BlackElo "1646"]

1. e4 e5 2. Nf3 d6 3. d4 Bg4 4. dxe5 dxe5 5. Qxd8+ Kxd8 6. Nxe5 Be6 7. Nc3 f6 8.
Nd3 Bd6 9. e5 fxe5 10. Bg5+ Nf6 11. Rd1 Nd7 12. Be2 Ke7 13. Bf3 h6 14. Bxb7 Rab8
15. Bc6 hxg5 16. O-O g4 17. Rfe1 Rb6 18. Bxd7 Nxd7 19. b3 Rh5 20. Ne4 Bf5 21.
Nxd6 cxd6 22. Nf4 g3 23. Nxh5 gxf2+ 24. Kxf2 Bg4 25. Nf4 Ra6 26. Ra1 Kf7 27. Nd5
Ra5 28. c4 Be6 29. Nc3 Nc5 30. Rad1 Ra6 31. h3 Bf5 32. Ke3 Nd3 33. Rxd3 Bxd3 34.
Kxd3 Ke6 35. Ke4 Rb6 36. Nd5 Rb7 37. Re3 Rf7 38. Rg3 a5 39. Nc3 Rf4+ 40. Ke3 Rf7
41. Rg6+ Kd7 42. Ne4 Re7 43. Rxd6+ Kc7 44. Ra6 Rd7 45. Ra7+ Kc6 46. Rxd7 Kxd7
47. Nc5+ Kc6 48. Ne6 g6 49. Ke4 Kd6 50. Nf8 g5 51. Nh7 Ke6 52. Nxg5+ Kf6 53. Nf3
1-0

[Event "Challenge"]
[Site "http://www.queenalice.com/game.php?id=979783"]
[Date "2011.9.1"]
[Round "-"]
[White "edovchess"]
[Black "JackieR"]
[Result "1-0"]
[WhiteElo "1801"]
[BlackElo "1670"]

1. e4 e5 2. Nf3 Nc6 3. d4 exd4 4. Nxd4 Bc5 5. Be3 Nf6 6. Nxc6 bxc6 7. Bxc5 Nxe4
8. Qe2 f5 9. f3 d6 10. Ba3 d5 11. fxe4 fxe4 12. Qh5+ g6 13. Qe5+ Kd7 14. Be2 h5
15. Qg7+ Ke6 16. Rf1 Bb7 17. Qxg6+ Kd7 18. Qf5+ Ke8 19. Qf7# 1-0

[Event "Challenge"]
[Site "http://www.queenalice.com/game.php?id=979785"]
[Date "2011.9.1"]
[Round "-"]
[White "edovchess"]
[Black "sandro83"]
[Result "0-1"]
[WhiteElo "1891"]
[BlackElo "2036"]

1. e4 e5 2. Nf3 Nc6 3. d4 exd4 4. Nxd4 Bc5 5. Be3 Qf6 6. c3 Nge7 7. Nd2 Nxd4 8.
cxd4 Bb6 9. Rc1 Bxd4 10. Bxd4 Qxd4 11. Nf3 Qxe4+ 12. Qe2 Qb4+ 13. Qd2 Qxd2+ 14.
Nxd2 c6 15. Bd3 d5 16. O-O O-O 17. Nf3 f6 18. Rfe1 Nf5 19. Re2 Bd7 20. Bxf5 Bxf5
21. h3 Rfe8 22. Rce1 Rxe2 23. Rxe2 Kf7 24. g4 Be4 25. Kg2 Re8 0-1

[Event "Challenge"]
[Site "http://www.queenalice.com/game.php?id=979786"]
[Date "2011.9.1"]
[Round "-"]
[White "Constante"]
[Black "edovchess"]
[Result "0-1"]
[WhiteElo "2085"]
[BlackElo "1895"]

1. e4 e6 2. d4 d5 3. Nc3 Bb4 4. e5 c5 5. a3 Bxc3+ 6. bxc3 Ne7 7. Qg4 O-O 8. Bd3
Nbc6 9. Qh5 Ng6 10. Nh3 Qc7 11. O-O cxd4 12. cxd4 Nxd4 13. Ng5 h6 14. Nxf7 Nf4
15. Bxf4 Qxf7 16. Qxf7+ Rxf7 17. Be3 Nc6 18. f4 Bd7 19. Rab1 Na5 20. Bc5 b6 21.
Bb4 Nc6 22. Bg6 Nxb4 23. axb4 Rff8 24. c3 Rac8 25. Rbc1 Bb5 26. Rf2 Rc4 27. Rf3
Rcxf4 28. Bh5 Rxf3 29. Bxf3 Rc8 30. Bg4 Kf7 31. Kf2 Bd3 32. Ke3 Bf5 33. Be2 g5
34. h3 a5 35. bxa5 bxa5 36. Kd4 a4 37. Rf1 Ke7 38. Ra1 Ra8 39. Ra3 Be4 40. g3
Kd7 41. Bb5+ Kc7 42. Kc5 Ra5 43. Kb4 Kb6 44. c4 dxc4 45. Bxc4 Rxe5 46. Re3 Kc6
47. Bb5+ Rxb5+ 48. Kxa4 Bc2+ 49. Ka3 Rb3+ 50. Rxb3 Bxb3 51. Kxb3 Kd5 52. Kc3 Ke4
53. Kd2 Kf3 0-1

[Event "Challenge"]
[Site "http://www.queenalice.com/game.php?id=979787"]
[Date "2011.9.1"]
[Round "-"]
[White "onfs2"]
[Black "edovchess"]
[Result "0-1"]
[WhiteElo "1854"]
[BlackElo "1969"]

1. d4 e6 2. Nf3 d5 3. Qd3 Nf6 4. Bg5 Be7 5. Bxf6 Bxf6 6. e4 O-O 7. e5 Be7 8.
Nbd2 c5 9. b3 Nc6 10. a3 Bd7 11. Qc3 cxd4 12. Nxd4 Nxe5 13. Nxe6 fxe6 14. Be2
Bf6 15. O-O-O Qe7 16. b4 Nc4 17. Qb3 Nxd2 18. Kxd2 Bg5+ 19. Ke1 Qf6 20. f3 Rac8
21. h4 Bf4 22. Kf2 Rc3 23. Qa2 Be3+ 24. Kf1 Ba4 25. Bd3 Rfc8 26. Rh3 Rxc2 27.
Bxc2 Rxc2 28. Qa1 Rf2+ 29. Ke1 Rxg2 30. Qxf6 gxf6 31. Kf1 Rf2+ 32. Ke1 Bb3 33.
Rd3 d4 34. Rxb3 Ra2 35. Kd1 e5 36. h5 b5 37. h6 Bg5 38. Rh5 Kf7 39. Ke1 Kg6 40.
Rh3 Bxh6 41. Kf1 Bf4 42. Rh1 Bc1 43. Rg1+ Kf7 44. Rg2 Rxa3 45. Rxa3 Bxa3 46. Ra2
Bxb4 47. Rxa7+ Be7 48. Ke2 h5 49. Rb7 b4 50. Kf2 h4 51. Kg2 Ke6 52. Ra7 d3 53.
Kf1 f5 54. Ke1 h3 55. Ra2 b3 56. Rb2 Bb4+ 57. Kf1 d2 58. Rb1 e4 59. fxe4 fxe4
60. Kg1 e3 61. Kf1 h2 62. Ke2 Ba3 63. Kxe3 Bc1 0-1

[Event "Challenge"]
[Site "http://www.queenalice.com/game.php?id=979788"]
[Date "2011.9.1"]
[Round "-"]
[White "onfs2"]
[Black "edovchess"]
[Result "0-1"]
[WhiteElo "1881"]
[BlackElo "1834"]

1. e4 e6 2. d4 d5 3. e5 c5 4. Bb5+ Bd7 5. a4 a6 6. Bxd7+ Nxd7 7. Nf3 Qb6 8. b3
cxd4 9. O-O Bc5 10. Bb2 Ne7 11. Bxd4 Bxd4 12. Nxd4 Nxe5 13. Nc3 Rc8 14. Nce2 O-O
15. f4 Ng4 16. h3 Ne3 17. Qd3 Nxf1 18. Rxf1 f6 19. Kh1 e5 20. fxe5 fxe5 21.
Rxf8+ Rxf8 22. a5 Qf6 23. Ng3 exd4 24. Nh5 Qf2 25. b4 Qe1+ 26. Kh2 Qe5+ 27. Ng3
Nf5 0-1

[Event "Challenge"]
[Site "http://www.queenalice.com/game.php?id=979791"]
[Date "2011.9.1"]
[Round "-"]
[White "LeandroSouza"]
[Black "edovchess"]
[Result "0-1"]
[WhiteElo "1713"]
[BlackElo "1926"]

1. e4 e6 2. d3 d5 3. Nf3 dxe4 4. dxe4 Qxd1+ 5. Kxd1 Nf6 6. Bd3 c5 7. h3 Nc6 8.
a3 Be7 9. Nc3 O-O 10. Bd2 b6 11. Nb5 Bb7 12. e5 Nd7 13. Nc7 Rad8 14. Bb5 Ndxe5
15. Bxc6 Nxc6 16. Nb5 Bf6 17. c3 a6 18. Nc7 Ne5 19. Nxe5 Bxe5 20. Nxe6 fxe6 21.
f3 Bf4 22. b4 Rxd2+ 23. Ke1 Rxg2 24. Rd1 Bxf3 25. Rd3 Bg3+ 26. Kf1 Bd5+ 27. Rf3
Bxf3 28. Rg1 Ba8# 0-1

[Event "Challenge"]
[Site "http://www.queenalice.com/game.php?id=979792"]
[Date "2011.9.1"]
[Round "-"]
[White "GuilhermePO"]
[Black "edovchess"]
[Result "0-1"]
[WhiteElo "1145"]
[BlackElo "1834"]

1. e4 e6 2. Nf3 d5 3. Nc3 Nf6 4. d3 dxe4 5. dxe4 Qxd1+ 6. Kxd1 Bb4 7. Bf4 Bxc3
8. bxc3 c5 9. e5 Nd5 10. Bd2 Nc6 11. c4 Nde7 12. Be3 b6 13. Bd3 Bb7 14. Rb1 Nb4
15. Be2 Rd8+ 16. Ke1 Nxc2+ 17. Kf1 Nxe3+ 18. Ke1 Nxg2+ 19. Kf1 Nf4 20. Bd1 Neg6
21. Ba4+ Ke7 22. Rd1 Rxd1+ 23. Bxd1 Bxf3 24. Bxf3 Nxe5 25. Bb7 Rd8 26. Ke1 Ned3+
27. Kd1 Nxf2+ 28. Kc2 Nxh1 29. Bxh1 e5 30. a4 Nh3 31. Be4 g6 0-1

[Event "Challenge"]
[Site "http://www.queenalice.com/game.php?id=979793"]
[Date "2011.9.1"]
[Round "-"]
[White "jwb"]
[Black "edovchess"]
[Result "0-1"]
[WhiteElo "1624"]
[BlackElo "1967"]

1. d4 e6 2. Nf3 d5 3. Bf4 Bd6 4. e3 Bxf4 5. exf4 Qd6 6. g3 Qb4+ 7. c3 Qxb2 8.
Nbd2 Qxc3 9. Bb5+ Bd7 10. Ba4 Nc6 11. O-O Nxd4 12. Nxd4 Qxd4 13. Bxd7+ Kxd7 14.
a4 Nf6 15. Nf3 Qxd1 16. Rfxd1 c5 17. Ne5+ Ke7 18. Rac1 Rac8 19. Rd2 Ne4 20. Rb2
b6 21. a5 bxa5 22. f3 Nd6 23. Kf2 f6 24. Nd3 c4 25. Ne1 Rb8 26. Rcb1 Rxb2+ 27.
Rxb2 d4 28. Ke2 Rd8 29. Ra2 Nb5 30. Rxa5 d3+ 31. Nxd3 cxd3+ 32. Kd2 Rd5 33. g4
Kd7 34. Ra6 Rd4 35. Ra5 Kc6 36. Ra2 Rxf4 37. Kxd3 Rxf3+ 38. Ke4 Nc3+ 0-1

[Event "Challenge"]
[Site "http://www.queenalice.com/game.php?id=979795"]
[Date "2011.9.1"]
[Round "-"]
[White "bigtower"]
[Black "edovchess"]
[Result "0-1"]
[WhiteElo "1746"]
[BlackElo "1959"]

1. d4 e6 2. e3 d5 3. Bd3 Nf6 4. Nd2 c5 5. c3 Nc6 6. f4 cxd4 7. exd4 Bd6 8. g3
O-O 9. Ngf3 Ng4 10. Nf1 Bd7 11. h3 Nf6 12. Ne5 Be8 13. Nd2 Nd7 14. Ndf3 f6 15.
Nxc6 bxc6 16. Qe2 Bf7 17. Bd2 e5 18. fxe5 fxe5 19. O-O-O e4 20. Bxe4 dxe4 21.
Qxe4 Bxg3 22. Rhg1 Bg6 23. Qxc6 Qa5 24. Qe6+ Bf7 25. Qxd7 Be8 26. Qe6+ Bf7 27.
Qg4 Qxa2 28. Rxg3 Bg6 29. Bf4 Qb1+ 30. Kd2 Qc2+ 31. Ke1 Qe4+ 32. Kf1 Rxf4 33.
Qg5 Rxf3+ 34. Rxf3 Qxf3+ 35. Ke1 Re8+ 36. Kd2 Qd3+ 0-1

[Event "Challenge"]
[Site "http://www.queenalice.com/game.php?id=979797"]
[Date "2011.9.1"]
[Round "-"]
[White "Piotr70"]
[Black "edovchess"]
[Result "0-1"]
[WhiteElo "1472"]
[BlackElo "1919"]

1. e4 e6 2. Nf3 d5 3. Bd3 dxe4 4. Bxe4 Nf6 5. Nc3 Bb4 6. O-O Bxc3 7. bxc3 Nxe4
8. d4 Nxc3 9. Qd3 Nd5 10. Re1 O-O 11. Ba3 Re8 12. Ng5 Qxg5 13. g3 Nc6 14. c4 Nf4
15. Qe4 Nh3+ 16. Kg2 Nf4+ 17. Qxf4 Qxf4 18. gxf4 Nxd4 19. Rad1 Nc2 20. Re2 Nxa3
21. Rd3 Nxc4 22. Rc3 b5 23. f5 Bb7+ 24. f3 exf5 25. Kf2 Rxe2+ 26. Kxe2 Re8+ 27.
Kf2 Rd8 28. Re3 Nxe3 29. Kxe3 c5 30. a3 c4 31. h4 c3 32. Kf4 c2 33. Kxf5 c1=Q
34. f4 Re8 35. h5 Qg1 36. h6 Be4# 0-1

[Event "Challenge"]
[Site "http://www.queenalice.com/game.php?id=979798"]
[Date "2011.9.1"]
[Round "-"]
[White "steinie"]
[Black "edovchess"]
[Result "1-0"]
[WhiteElo "2102"]
[BlackElo "1993"]

1. d4 e6 2. c4 Nf6 3. Nf3 d5 4. Nc3 Be7 5. Bg5 O-O 6. Bxf6 Bxf6 7. e3 c6 8. cxd5
cxd5 9. Bd3 Nc6 10. O-O a6 11. Kh1 Re8 12. h3 h6 13. a3 Qc7 14. Rc1 Bd7 15. e4
dxe4 16. Nxe4 Bxd4 17. Nxd4 Nxd4 18. Rxc7 1-0

[Event "Challenge"]
[Site "http://www.queenalice.com/game.php?id=979799"]
[Date "2011.9.1"]
[Round "-"]
[White "Tonto"]
[Black "edovchess"]
[Result "0-1"]
[WhiteElo "1948"]
[BlackElo "1982"]

1. e4 e6 2. a3 d5 3. e5 c5 4. d4 Nc6 5. Nf3 Qb6 6. Nc3 cxd4 7. Na4 Qc7 8. Nxd4
Nxe5 9. Bf4 Nf6 10. Bb5+ Bd7 11. Bxd7+ Nfxd7 12. Nc3 Bd6 13. Ncb5 Qb6 14. Qe2
O-O 15. Nxd6 Qxd6 16. Qb5 Rac8 17. O-O Rc7 18. Bxe5 Nxe5 19. h3 Rfc8 20. c3 a6
21. Qe2 Nc4 22. b4 b5 23. Nf3 Nb6 24. Ne5 Rxc3 25. Qh5 g6 26. Qh6 Qxe5 27. Qh4
Rc2 28. Qe7 Rxf2 29. Kxf2 Qg7 30. Qb7 Qd4+ 31. Kg3 Qe5+ 32. Kf2 Rc2+ 33. Kg1
Qe3+ 34. Kh2 Qe5+ 35. Kh1 Qc7 36. Qxc7 Rxc7 37. Rac1 Rxc1 38. Rxc1 Nc4 39. Rc3
e5 40. Rf3 e4 41. Rf6 e3 42. Kg1 Nd2 43. Rxa6 Kg7 44. Rd6 Ne4 45. Rxd5 e2 46.
Rxb5 e1=Q+ 47. Kh2 Qg3+ 48. Kg1 Nc3 49. Rc5 Nd1 50. Rc2 Ne3 51. Rf2 Nd1 52. Rf3
Qe1+ 53. Kh2 Ne3 54. b5 Nf1+ 55. Kh1 Nd2+ 56. Rf1 Qxf1+ 57. Kh2 Qf2 58. a4 Nf3+
0-1

[Event "Challenge"]
[Site "http://www.queenalice.com/game.php?id=979800"]
[Date "2011.9.1"]
[Round "-"]
[White "Saintsalles"]
[Black "edovchess"]
[Result "0-1"]
[WhiteElo "1651"]
[BlackElo "1919"]

1. e4 e6 2. d4 d5 3. Qf3 dxe4 4. Qxe4 Nf6 5. Qf3 Be7 6. Bb5+ Bd7 7. Bxd7+ Nbxd7
8. Qxb7 O-O 9. Qa6 c5 10. Be3 Qb6 11. Qxb6 axb6 12. dxc5 bxc5 13. Nf3 Nd5 14.
Bg5 Bxg5 15. Nxg5 Rab8 16. b3 Nb4 17. Na3 Nd5 18. O-O h6 19. Ne4 N7f6 20. Nxc5
Rfc8 21. Nd3 Ra8 22. Nb5 Rxc2 23. a4 Nc7 24. Nxc7 Rxc7 25. Ne5 Ne4 26. Nc4 Rb8
27. f3 Nc5 28. Na5 Nd3 29. Rab1 Rc2 30. Rfd1 Nf4 31. g3 Nh3+ 32. Kf1 Rxh2 33.
Ke1 Rh1+ 34. Kd2 Rh2+ 35. Ke3 Rg2 36. g4 g5 37. Nc6 Rb7 38. Rd8+ Kg7 39. b4 Rc2
40. Ne5 Nf4 41. b5 Re2+ 42. Kd4 Rd2+ 43. Ke4 Rxd8 44. Nc6 Rd2 45. Nd4 Rd7 46.
Rb4 f5+ 47. gxf5 exf5+ 48. Nxf5+ Kf6 49. b6 Re2+ 50. Ne3 Rxe3+ 51. Kxe3 Nd5+ 0-1

[Event "Challenge"]
[Site "http://www.queenalice.com/game.php?id=979802"]
[Date "2011.9.1"]
[Round "-"]
[White "JackieR"]
[Black "edovchess"]
[Result "0-1"]
[WhiteElo "1686"]
[BlackElo "1936"]

1. e4 e6 2. Nc3 d5 3. exd5 exd5 4. d4 Nc6 5. Bf4 Nf6 6. Nf3 Bb4 7. Qd3 O-O 8.
O-O-O Re8 9. Be5 Ng4 10. Ng5 Qxg5+ 11. Rd2 Nxf2 12. Rg1 Nxd3+ 13. Bxd3 Nxe5 14.
dxe5 d4 15. Ne4 Bxd2+ 16. Nxd2 Rxe5 17. h3 Bxh3 18. b3 Bf5 19. Bxf5 Rxf5 20. g3
Rf2 21. Rd1 Rxd2 22. Rxd2 Re8 23. Kd1 Qg4+ 24. Kc1 Re1+ 25. Kb2 c5 26. Ka3 b5
27. c3 Qg5 28. Rb2 dxc3 29. Rc2 Qg6 30. Rxc3 b4+ 0-1

[Event "Challenge"]
[Site "http://www.queenalice.com/game.php?id=979840"]
[Date "2011.9.1"]
[Round "-"]
[White "sandro83"]
[Black "edovchess"]
[Result "1/2-1/2"]
[WhiteElo "2019"]
[BlackElo "1879"]

1. e4 e6 2. d4 d5 3. e5 c5 4. c3 Nc6 5. Nf3 Qb6 6. Be2 cxd4 7. cxd4 Nh6 8. O-O
Nf5 9. Be3 Qxb2 10. Nbd2 Ncxd4 11. Nxd4 Nxd4 12. Bxd4 Qxd4 13. Bb5+ Bd7 14.
Bxd7+ Kxd7 15. Rb1 b6 16. Nf3 Qxd1 17. Rfxd1 Bc5 18. Ng5 Be7 19. Ne4 Rac8 20.
Ng3 Rc2 21. a4 Rhc8 22. h3 f6 1/2-1/2

[Event "Challenge"]
[Site "http://www.queenalice.com/game.php?id=980908"]
[Date "2011.9.3"]
[Round "-"]
[White "vickfa"]
[Black "edovchess"]
[Result "0-1"]
[WhiteElo "959"]
[BlackElo "1879"]

1. e4 e6 2. Nf3 d5 3. Nc3 Nf6 4. Bb5+ Bd7 5. Nd4 c5 6. Nf3 Bd6 7. O-O O-O 8. b3
a6 9. Ba4 b5 10. d3 bxa4 11. bxa4 Nc6 12. h3 Qc7 13. Rb1 Rfd8 14. Qe2 Nd4 15.
Qd2 dxe4 16. dxe4 Nxf3+ 17. gxf3 Bh2+ 18. Kg2 Bc6 19. Rh1 Rxd2 20. Bxd2 Bf4 21.
Rbd1 Bxd2 22. Rxd2 Nh5 23. Ne2 Qe5 24. Rhd1 Qg5+ 25. Ng3 Nf4+ 26. Kf1 f5 27. Rb1
fxe4 28. fxe4 Bxe4 29. c3 Bxb1 30. a5 Nd5 31. Re2 Bd3 32. Ke1 Bxe2 33. Nxe2 Rb8
34. f4 Qh4+ 35. Kd1 Qxh3 36. Kc2 Nxf4 37. Nxf4 Qh2+ 38. Kd3 Qxf4 39. Kc2 Qe4+
40. Kd2 Rb2+ 41. Kc1 Qc2# 0-1

[Event "Challenge"]
[Site "http://www.queenalice.com/game.php?id=980917"]
[Date "2011.9.3"]
[Round "-"]
[White "vickfa"]
[Black "edovchess"]
[Result "0-1"]
[WhiteElo "959"]
[BlackElo "1564"]

1. e4 e6 2. Bb5 a6 3. Ba4 b5 4. Bb3 Bb7 5. Nc3 d5 6. exd5 exd5 7. d3 Nf6 8. Nf3
Bb4 9. O-O c5 10. Bd2 Nc6 11. a3 Ba5 12. Nh4 O-O 13. Nb1 Bxd2 14. Qxd2 a5 15. c4
Nd4 16. Ba2 dxc4 17. dxc4 Ne4 18. Qd1 Qxh4 19. f3 Nf6 20. cxb5 Rad8 21. g3 Qh5
22. Nd2 Nxf3+ 23. Rxf3 Bxf3 24. Qe1 Qh3 25. Kf2 Qg2+ 26. Ke3 Rfe8+ 27. Kf4 Nh5+
28. Kg5 h6+ 29. Kf5 g6# 0-1